Every Stranger Things Funko Pop - Statistics

General Stats
  • This quiz has been taken 578 times
  • The average score is 86 of 99
Answer Stats
Number Answer % Correct
5-Pack 8-BIT Arcade (Eleven, Mike, Lucas, Dustin, Demogorgon)
99%
2-Pack Eleven With Eggos and Mike
99%
727 Eleven and Demogorgon (Movie Moment)
98%
2-Pack Upside Down Eleven and Barb
98%
826 Battle Eleven
97%
718 Eleven (Burger T-Shirt)
97%
637 Eleven (Elevated)
97%
511 Eleven (Hospital Gown)
97%
572 Eleven (Punk)
97%
827 Eleven (Slicker Jacket)
97%
717 Eleven (Snowball Dance)
97%
422 Eleven (Underwater)
97%
847 Eleven (With Bear)
97%
421 Eleven with Eggos
97%
16 Eleven with Eggos (8-BIT)
97%
421 Eleven with Eggos (Chase)
97%
523 Eleven (With Electrodes)
97%
854 Eleven (Yellow Outfit)
97%
546 Ghostbuster Mike
97%
17 Mike (8-BIT)
97%
729 Mike (Snowball Dance)
97%
424 Dustin
96%
804 Dustin
96%
18 Dustin (8-BIT)
96%
424 Dustin (Brown Jacket)
96%
593 Dustin & Dart
96%
804 Dustin (Gray/Blue T-Shirt)
96%
719 Dustin (Hockey Gear)
96%
617 Dustin (Snowball Dance)
96%
828 Dustin (Vest)
96%
545 Eleven
96%
802 Eleven
96%
843 Eleven
96%
SE Freddy Funko as Dustin
96%
SE Freddy Funko as Upside Down Will
96%
549 Ghostbuster Dustin
96%
547 Ghostbuster Will
96%
525 Hopper (Biohazard Suit)
96%
512 Hopper (Chase)
96%
512 Hopper (Gold)
96%
423 Mike
96%
846 Mike
96%
728 Steve and Demodog (Movie Moment)
96%
437 Upside Down Will
96%
29 Upside Down Will (8-BIT)
96%
426 Will
96%
29 Will (8-BIT)
96%
805 Will The Wise
96%
805 Will The Wise (Glow in the Dark)
96%
548 Ghostbuster Lucas
95%
641 Hopper (With Vines)
95%
425 Lucas
95%
807 Lucas
95%
19 Lucas (8-BIT)
95%
675 Ahoy Steve
94%
SE Freddy Funko as Bloody Steve
94%
SE Freddy Funko as Steve with Sunglasses
94%
475 Steve
94%
803 Steve
94%
642 Steve (With Bandana)
94%
829 Steve (With Ice Cream)
94%
638 Steve (With Sunglasses)
94%
512 Hopper
92%
720 Hopper
92%
801 Hopper
92%
436 Joyce
92%
550 Joyce
92%
845 Joyce
92%
526 Joyce (Biohazard Suit)
92%
514 Nancy
92%
674 Ahoy Robin
86%
513 Jonathan
86%
551 Max
86%
806 Max
86%
552 Max (Costume)
86%
922 Robin
86%
428 Demogorgon (Gold)
83%
428 Demogorgon
82%
722 Demogorgon (10'')
82%
602 Demogorgon (6'')
82%
20 Demogorgon (8-BIT)
82%
20 Demogorgon (8-BIT) (Chase)
82%
428 Demogorgon (Chase)
82%
2-Pack Billy & Karen Wheeler
81%
640 Billy
77%
844 Flayed Billy
77%
808 Erica
68%
515 Brenner
65%
427 Barb
64%
28 Barb (8-BIT)
64%
639 Bob (In Scrubs)
58%
643 Vampire Bob
58%
903 Tom/Bruce Monster (6'')
52%
923 Alexei
47%
601 Dart
38%
601 Dart (Chase)
38%
881 Suzie
27%
476 Mr. Clarke
23%
2-Pack The Duffer Brothers
6%
No matching quizzes found
Score Distribution
Percent of People with Each Score
Percentile by Number Answered
Your Score History
You have not taken this quiz